000 00329nam a2200097Ia 4500
082 _a968.7355|BICK
245 0 _aCape Town in the twentieth century : an illustrated social history
100 _a BICKFORD-SMITH, Vivian Claremont, South Africa, 1999
_961836
942 _cBK
008 210817s9999 xx 000 0 und d
999 _c228424
_d228423